كتاب مرآة العصر فى تاريخ ورسوم اكابر الرجال لمصر / (رقم التسجيلة. 93052)
[ عرض عادي ]
| 000 -LEADER | |
|---|---|
| fixed length control field | 008290am a2200253 004500 |
| 003 - CONTROL NUMBER IDENTIFIER | |
| control field | EG-GiCUC |
| 008 - FIXED-LENGTH DATA ELEMENTS--GENERAL INFORMATION | |
| fixed length control field | 070306m19169999ua g 000 0cara d |
| 040 ## - CATALOGING SOURCE | |
| Original cataloging agency | EG-GiCUC |
| Language of cataloging | ara |
| Transcribing agency | EG-GiCUC |
| 043 ## - GEOGRAPHIC AREA CODE | |
| Geographic area code | f-ua--- |
| 050 #4 - LIBRARY OF CONGRESS CALL NUMBER | |
| Classification number | DT76 |
| Item number | Z2 1916 |
| 092 04 - LOCALLY ASSIGNED DEWEY CALL NUMBER (OCLC) | |
| Classification number | 962.0099 |
| Item number | Z217 |
| Edition number | 21 |
| 099 ## - LOCAL FREE-TEXT CALL NUMBER (OCLC) | |
| Classification number | 04 |
| -- | 962.0099 Z217 |
| 100 1# - MAIN ENTRY--PERSONAL NAME | |
| Personal name | زخورا : الياس |
| 245 15 - TITLE STATEMENT | |
| Title | كتاب مرآة العصر فى تاريخ ورسوم اكابر الرجال لمصر / |
| Statement of responsibility, etc. | الياس زاخورا |
| 260 ## - PUBLICATION, DISTRIBUTION, ETC. | |
| Place of publication, distribution, etc. | القاهرة : |
| Name of publisher, distributor, etc. | ا.زخورا : |
| Date of publication, distribution, etc. | 1916- |
| 300 ## - PHYSICAL DESCRIPTION | |
| Extent | مج ؛ |
| Dimensions | 24سم |
| 500 ## - GENERAL NOTE | |
| General note | نسخة مصورة |
| 590 ## - LOCAL NOTE (RLIN) | |
| Local note | تقتنى المكتبة فقط المجلد الثانى |
| 651 #7 - SUBJECT ADDED ENTRY--GEOGRAPHIC NAME | |
| Geographic name | مصر |
| General subdivision | تراجم |
| Source of heading or term | qrmak |
| 902 ## - LOCAL DATA ELEMENT B, LDB (RLIN) | |
| No. of Items | 1 |
| 905 ## - LOCAL DATA ELEMENT E, LDE (RLIN) | |
| Cataloger | بلتاجى |
| Reviser | مراجع |
| 905 ## - LOCAL DATA ELEMENT E, LDE (RLIN) | |
| Cataloger | جمال |
| Reviser | مدخل |
| 942 ## - ADDED ENTRY ELEMENTS (KOHA) | |
| Source of classification or shelving scheme | Dewey Decimal Classification |
| Koha item type | Books |
| Source of classification or shelving scheme | Not for loan | Home library | Current library | Date acquired | Full call number | Barcode | Date last seen | Copy number | Koha item type |
|---|---|---|---|---|---|---|---|---|---|
| Dewey Decimal Classification | المكتبة المركزبة الجديدة - جامعة القاهرة | قاعة الانسانيات - الدور الثاني | 11.02.2024 | 962.0099 Z217 | 01000100100562002 | 22.09.2023 | v.2 C.1 | Books |